LEADER 01236nam a2200313 u 4500 001 000000074908 003 CaOOAMICUS 005 20070226123037.0 008 021218s1996 gw u000 u ger u 020 $a3110144298 035 $a10949329 040 $aPUL$bita 100 1 $aLobe, Matthias.$0(OLS)http://pul/name/49693 245 14$aDie Prinzipen der Ethik Emanuel Hirschs /$cMatthias Lobe. 260 $aBerlin :$bDe Gruyter,$c1996. 300 $axi, 295 p. ;$c22 cm 490 1 $aTheologische Bibliothek Töpelmann ;$vBd. 68 500 $aContiene indice analitico. 504 $aBibliografia in nota ed in apendice. 600 14$aHirsch, Emanuel.$0(OLS)http://pul/subject/26038 650 4$aMorale e religione.$0(OLS)http://pul/subject/10107 830 0$aTheologische Bibliothek Töpelmann ;$vBd. 68.$0(OLS)http://pul/title/7111 850 $aPUL 852 $aPUL$W1$xDP2 Religione 1$y63$m17 I 68$j96513$nBK-PRI$b $qStampati$B96513$CPULBib$Z2$F96513 $81 941 1 $a8 961 $aINV: 89302 996 $6020$a3110144298$9(OLS)http://pul/number/97461 996 $6245$aDie Prinzipen der Ethik Emanuel Hirschs$9(OLS)http://pul/title/98262 996 $6260$aBerlin :$bDe Gruyter$9(OLS)http://pul/publisher/48625 LEADER 01412nam a2200361 u 4500 001 000000048156 003 CaOOAMICUS 005 20070226114952.0 008 000315s2000 it u000 u ita u 020 $a8802056110 035 $a10845282 040 $aPUL$bita 100 1 $aFranciosi, Gennaro.$0(OLS)http://pul/name/915 245 10$aMatrimonio e filiazione /$cGennaro Franciosi, Raffaele Picaro. 260 $aTorino :$bUTET,$cc2000. 300 $axiii, 681 p. ;$c27 cm 490 1 $aIl punto ;$v10 500 $aContiene indici. 504 $aBibliografia in nota. 504 $aBibliografia a fine capitolo. 650 4$aMatrimonio e famiglia.$0(OLS)http://pul/subject/20309 650 4$aFiliazione.$0(OLS)http://pul/subject/13479 650 4$aMatrimonio (diritto).$0(OLS)http://pul/subject/800 650 4$aFamiglia (diritto).$0(OLS)http://pul/subject/1842 700 1 $aPicaro, Raffaele.$0(OLS)http://pul/name/34961 830 3$aIl punto (UTET) ;$v10.$0(OLS)http://pul/title/63947 850 $aPUL 852 $aPUL$W1$xSL Diritto e Scienze Sociali 3$y79$m300 A 16.10$j64235$nBK-PRI$b $qDDC 21$B64235$CPULBib$Z2$F64235 $82 941 1 $a9 960 $aDiritto matrimoniale$9800 996 $6020$a8802056110$9(OLS)http://pul/number/60455 996 $6245$aMatrimonio e filiazione$9(OLS)http://pul/title/64841 996 $6260$aTorino :$bUTET$9(OLS)http://pul/publisher/48088